000 00432nam a22001577a 4500
003 OSt
005 20240415100824.0
008 240415b |||||||| |||| 00| 0 eng d
040 _cMRSPTU
100 _aGian Singh Bal
245 _aDarshan Parmpra
_bA Collection of Essays on Empircism, Matirialism and Humanism
250 _a1st
260 _aBarnala (Punjab)
_bTarkbharti Parkashan
_c2004
300 _a120
942 _2ddc
_cBK
_n0
999 _c10026
_d10026